000 00370nam a2200157Ia 4500
008 230917s9999||||xx |||||||||||||| ||und||
020 _cRS8
040 _e151419
_aMAIN
041 _aEnglish
082 _aB N315N
100 _aJawaharlal Nehru
245 0 _aNaveen bharta di Guhar
260 _aJallandhar
_bKamal Prakashan
_c1995
300 _a180p p.
942 _cBK
999 _c48282
_d48282